|
|
|
|
| LEADER |
02565nam a22005175i 4500 |
| 001 |
978-94-007-5070-8 |
| 003 |
DE-He213 |
| 005 |
20151204172855.0 |
| 007 |
cr nn 008mamaa |
| 008 |
120728s2012 ne | s |||| 0|eng d |
| 020 |
|
|
|a 9789400750708
|9 978-94-007-5070-8
|
| 024 |
7 |
|
|a 10.1007/978-94-007-5070-8
|2 doi
|
| 040 |
|
|
|d GrThAP
|
| 050 |
|
4 |
|a R-RZ
|
| 072 |
|
7 |
|a MBGR
|2 bicssc
|
| 072 |
|
7 |
|a MED000000
|2 bisacsh
|
| 082 |
0 |
4 |
|a 610
|2 23
|
| 100 |
1 |
|
|a Cambria, Erik.
|e author.
|
| 245 |
1 |
0 |
|a Sentic Computing
|h [electronic resource] :
|b Techniques, Tools, and Applications /
|c by Erik Cambria, Amir Hussain.
|
| 264 |
|
1 |
|a Dordrecht :
|b Springer Netherlands :
|b Imprint: Springer,
|c 2012.
|
| 300 |
|
|
|a XVIII, 153 p. 39 illus., 35 illus. in color.
|b online resource.
|
| 336 |
|
|
|a text
|b txt
|2 rdacontent
|
| 337 |
|
|
|a computer
|b c
|2 rdamedia
|
| 338 |
|
|
|a online resource
|b cr
|2 rdacarrier
|
| 347 |
|
|
|a text file
|b PDF
|2 rda
|
| 490 |
1 |
|
|a SpringerBriefs in Cognitive Computation,
|x 2212-6023 ;
|v 2
|
| 520 |
|
|
|a In this book common sense computing techniques are further developed and applied to bridge the semantic gap between word-level natural language data and the concept-level opinions conveyed by these. In particular, the ensemble application of graph mining and multi-dimensionality reduction techniques is exploited on two common sense knowledge bases to develop a novel intelligent engine for open-domain opinion mining and sentiment analysis. The proposed approach, termed sentic computing, performs a clause-level semantic analysis of text, which allows the inference of both the conceptual and emotional information associated with natural language opinions and, hence, a more efficient passage from (unstructured) textual information to (structured) machine-processable data.
|
| 650 |
|
0 |
|a Medicine.
|
| 650 |
|
0 |
|a Data mining.
|
| 650 |
|
0 |
|a Mathematics.
|
| 650 |
|
0 |
|a Linguistics.
|
| 650 |
|
0 |
|a Cognitive psychology.
|
| 650 |
1 |
4 |
|a Biomedicine.
|
| 650 |
2 |
4 |
|a Biomedicine general.
|
| 650 |
2 |
4 |
|a Data Mining and Knowledge Discovery.
|
| 650 |
2 |
4 |
|a Mathematics, general.
|
| 650 |
2 |
4 |
|a Linguistics, general.
|
| 650 |
2 |
4 |
|a Cognitive Psychology.
|
| 700 |
1 |
|
|a Hussain, Amir.
|e author.
|
| 710 |
2 |
|
|a SpringerLink (Online service)
|
| 773 |
0 |
|
|t Springer eBooks
|
| 776 |
0 |
8 |
|i Printed edition:
|z 9789400750692
|
| 830 |
|
0 |
|a SpringerBriefs in Cognitive Computation,
|x 2212-6023 ;
|v 2
|
| 856 |
4 |
0 |
|u http://dx.doi.org/10.1007/978-94-007-5070-8
|z Full Text via HEAL-Link
|
| 912 |
|
|
|a ZDB-2-SBL
|
| 950 |
|
|
|a Biomedical and Life Sciences (Springer-11642)
|